[Event "FIDE World Youth U16 Chess Olympiad SLOVAKIA 2016"]
[Site "Poprad Tatry SLOVAKIA"]
[Date "2016.07.25"]
[Round "5"]
[Board "2"]
[White "Shafi, Declan"]
[Black "Brnusak, Andrej"]
[Result "1-0"]
[WhiteElo "1841"]
[BlackElo "1626"]
[PlyCount "0"]
[EventDate "2016.07.22"]
[EventType "team"]
[EventRounds "9"]
[EventCountry "SVK"]
[WhiteTeam "Scotland"]
[BlackTeam "Slovakia LSS A"]

1. d4 {[%clk 1:30:57]} Nf6 {[%clk 1:30:49]} 2. Nf3 {[%clk 1:31:20]} g6
{[%clk 1:31:07]} 3. Nc3 {[%clk 1:31:41]} d5 {[%clk 1:31:24]} 4. Bf4
{[%clk 1:31:59]} a6 {[%clk 1:30:53]} 5. e3 {[%clk 1:31:50]} Nbd7 {[%clk 1:28:34]}
6. Be2 {[%clk 1:31:40]} Bg7 {[%clk 1:26:04]} 7. Ne5 {[%clk 1:31:36]} O-O
{[%clk 1:21:30]} 8. h4 {[%clk 1:30:57]} c6 {[%clk 1:13:01]} 9. h5
{[%clk 1:20:37]} Re8 {[%clk 1:00:07]} 10. g4 {[%clk 1:15:32]} Nf8
{[%clk 0:53:11]} 11. Bd3 {[%clk 1:05:14]} N6d7 {[%clk 0:42:40]} 12. Qf3
{[%clk 1:01:02]} Nxe5 {[%clk 0:40:32]} 13. Bxe5 {[%clk 1:00:48]} f6
{[%clk 0:36:24]} 14. Bg3 {[%clk 0:58:19]} Qd7 {[%clk 0:34:02]} 15. hxg6
{[%clk 0:56:32]} hxg6 {[%clk 0:33:25]} 16. g5 {[%clk 0:55:20]} f5
{[%clk 0:31:48]} 17. Be5 {[%clk 0:51:48]} Bxe5 {[%clk 0:30:00]} 18. dxe5
{[%clk 0:52:16]} e6 {[%clk 0:28:31]} 19. Qh3 {[%clk 0:50:50]} Qg7
{[%clk 0:27:10]} 20. f4 {[%clk 0:50:21]} Re7 {[%clk 0:24:52]} 21. Na4
{[%clk 0:45:52]} Nd7 {[%clk 0:21:12]} 22. b4 {[%clk 0:41:58]} b5 {[%clk 0:19:02]}
23. Nb2 {[%clk 0:41:06]} a5 {[%clk 0:17:01]} 24. c3 {[%clk 0:37:27]} axb4
{[%clk 0:16:03]} 25. cxb4 {[%clk 0:37:47]} Nb6 {[%clk 0:14:53]} 26. Rh2
{[%clk 0:34:37]} Rea7 {[%clk 0:12:23]} 27. O-O-O {[%clk 0:27:57]} Qh7
{[%clk 0:09:07]} 28. Qg3 {[%clk 0:27:35]} Qg7 {[%clk 0:07:38]} 29. Rdh1
{[%clk 0:26:48]} Nd7 {[%clk 0:06:07]} 30. Bb1 {[%clk 0:24:11]} Nf8
{[%clk 0:05:17]} 31. Nd3 {[%clk 0:24:00]} Re7 {[%clk 0:03:55]} 32. Nc5
{[%clk 0:23:15]} Raa7 {[%clk 0:03:19]} 33. Kb2 {[%clk 0:22:44]} Ra8
{[%clk 0:02:47]} 34. Rh3 {[%clk 0:22:37]} Kf7 {[%clk 0:02:24]} 35. Rh8
{[%clk 0:18:49]} Raa7 {[%clk 0:01:16]} 36. R1h3 {[%clk 0:17:30]} Ke8
{[%clk 0:01:09]} 37. Qh2 {[%clk 0:17:35]} Rac7 {[%clk 0:00:58]} 38. Bc2
{[%clk 0:17:31]} Ra7 {[%clk 0:00:57]} 39. Bb3 {[%clk 0:16:45]} Rac7
{[%clk 0:00:49]} 40. R3h6 {[%clk 0:16:29]} Ra7 {[%clk 0:00:36]} 41. Kb1
{[%clk 0:15:29]} Rac7 {[%clk 0:00:36]} 42. Kc1 {[%clk 0:15:48]} Ra7
{[%clk 0:00:35]} 43. Kb2 {[%clk 0:15:53]} Rac7 {[%clk 0:00:43]} 44. Qh1
{[%clk 0:13:42]} Ra7 {[%clk 0:00:46]} 45. Kc3 {[%clk 0:13:07]} Rac7
{[%clk 0:00:59]} 46. Kd4 {[%clk 0:12:40]} Ra7 {[%clk 0:00:47]} 47. Qh2
{[%clk 0:12:18]} Rac7 {[%clk 0:01:00]} 48. Qh3 {[%clk 0:12:34]} Ra7
{[%clk 0:00:53]} 49. Qh1 {[%clk 0:12:54]} Rac7 {[%clk 0:00:51]} 50. a4
{[%clk 0:12:41]} bxa4 {[%clk 0:00:51]} 51. Bxa4 {[%clk 0:13:00]} Rf7
{[%clk 0:00:43]} 52. Qh2 {[%clk 0:13:05]} Rfe7 {[%clk 0:00:54]} 53. b5
{[%clk 0:13:03]} cxb5 {[%clk 0:00:40]} 54. Bxb5+ {[%clk 0:13:24]} Bd7
{[%clk 0:00:40]} 55. Nxd7 {[%clk 0:13:25]} Rcxd7 {[%clk 0:01:01]} 56. Qa2
{[%clk 0:12:49]} Kf7 {[%clk 0:00:44]} 57. Bxd7 {[%clk 0:12:14]} Rxd7
{[%clk 0:01:08]} 58. Qa8 {[%clk 0:11:43]} Re7 {[%clk 0:00:49]} 59. Rxf8+
{[%clk 0:11:15]} Qxf8 {[%clk 0:01:04]} 60. Rh7+ {[%clk 0:11:38]} Qg7
{[%clk 0:01:04]} 61. Rxg7+ {[%clk 0:11:55]} Kxg7 {[%clk 0:01:26]} 62. Qd8
{[%clk 0:12:17]} Kf7 {[%clk 0:00:41]} 63. Qh8 {[%clk 0:12:42]} 1-0

[Event "FIDE World Youth U16 Chess Olympiad SLOVAKIA 2016"]
[Site "Poprad Tatry SLOVAKIA"]
[Date "2016.07.25"]
[Round "5"]
[Board "3"]
[White "Brnusak, Tomas"]
[Black "Espinosa Cancino, Monica"]
[Result "1/2-1/2"]
[WhiteElo "1632"]
[BlackElo "1636"]
[PlyCount "0"]
[EventDate "2016.07.22"]
[EventType "team"]
[EventRounds "9"]
[EventCountry "SVK"]
[WhiteTeam "Slovakia LSS A"]
[BlackTeam "Scotland"]

1. d4 {[%clk 1:30:54]} d5 {[%clk 1:30:54]} 2. c4 {[%clk 1:31:03]} c6
{[%clk 1:31:18]} 3. Nc3 {[%clk 1:30:48]} Nf6 {[%clk 1:31:38]} 4. Nf3
{[%clk 1:30:40]} e6 {[%clk 1:31:52]} 5. e3 {[%clk 1:30:48]} Nbd7 {[%clk 1:31:55]}
6. Bd2 {[%clk 1:30:29]} Bd6 {[%clk 1:29:53]} 7. Bd3 {[%clk 1:29:51]} O-O
{[%clk 1:29:46]} 8. O-O {[%clk 1:29:12]} Re8 {[%clk 1:24:25]} 9. cxd5
{[%clk 1:26:46]} exd5 {[%clk 1:24:20]} 10. a3 {[%clk 1:24:44]} Ne4
{[%clk 1:19:13]} 11. b4 {[%clk 1:23:22]} Ndf6 {[%clk 1:16:14]} 12. h3
{[%clk 1:14:13]} Bf5 {[%clk 1:05:51]} 13. Bxe4 {[%clk 1:10:31]} dxe4
{[%clk 1:03:14]} 14. Nh2 {[%clk 1:08:56]} Qd7 {[%clk 0:57:33]} 15. f4
{[%clk 1:08:39]} exf3 {[%clk 0:50:49]} 16. Qxf3 {[%clk 1:07:11]} Be4
{[%clk 0:46:24]} 17. Qe2 {[%clk 1:05:20]} Bg6 {[%clk 0:37:17]} 18. Rf2
{[%clk 1:01:47]} Nh5 {[%clk 0:33:32]} 19. Nf1 {[%clk 0:59:18]} Qc7
{[%clk 0:27:27]} 20. g4 {[%clk 0:55:10]} Nf4 {[%clk 0:24:39]} 21. Qf3
{[%clk 0:54:08]} Nd3 {[%clk 0:21:14]} 22. Re2 {[%clk 0:52:40]} Re6
{[%clk 0:17:48]} 23. e4 {[%clk 0:51:29]} Nf4 {[%clk 0:17:36]} 24. Ree1
{[%clk 0:50:40]} Ree8 {[%clk 0:15:21]} 25. e5 {[%clk 0:48:51]} Nd3
{[%clk 0:15:33]} 26. Re3 {[%clk 0:47:33]} Bf8 {[%clk 0:15:21]} 27. Rxd3
{[%clk 0:47:12]} Bxd3 {[%clk 0:15:45]} 28. Qxd3 {[%clk 0:47:33]} Rad8
{[%clk 0:16:01]} 29. Qc4 {[%clk 0:45:05]} Qe7 {[%clk 0:14:17]} 30. Be3
{[%clk 0:42:40]} Qe6 {[%clk 0:11:48]} 31. Qxe6 {[%clk 0:41:57]} Rxe6
{[%clk 0:12:06]} 32. Nd2 {[%clk 0:39:32]} f6 {[%clk 0:11:38]} 33. Nf3
{[%clk 0:39:27]} fxe5 {[%clk 0:11:56]} 34. Nxe5 {[%clk 0:39:33]} Bd6
{[%clk 0:10:58]} 35. Nc4 {[%clk 0:38:27]} b5 {[%clk 0:10:19]} 36. Nxd6
{[%clk 0:38:20]} Rxe3 {[%clk 0:10:37]} 37. Nce4 {[%clk 0:38:31]} Rxh3
{[%clk 0:10:14]} 38. Rc1 {[%clk 0:38:20]} Rxa3 {[%clk 0:10:18]} 39. Rxc6
{[%clk 0:38:39]} Rb3 {[%clk 0:09:48]} 40. Nxb5 {[%clk 0:38:06]} Rxb4
{[%clk 0:10:09]} 41. Nxa7 {[%clk 0:38:11]} Rbxd4 {[%clk 0:09:24]} 42. Nf2
{[%clk 0:38:19]} Rf8 {[%clk 0:09:04]} 43. Rc2 {[%clk 0:38:16]} Rd6
{[%clk 0:08:14]} 44. Nc6 {[%clk 0:38:04]} Re6 {[%clk 0:07:39]} 45. Nd4
{[%clk 0:38:14]} Rg6 {[%clk 0:07:37]} 46. Kh2 {[%clk 0:37:50]} Rgf6
{[%clk 0:07:21]} 47. Kg3 {[%clk 0:38:07]} Ra8 {[%clk 0:06:44]} 48. Rc3
{[%clk 0:37:37]} Ra1 {[%clk 0:05:43]} 49. Nf3 {[%clk 0:37:16]} h6
{[%clk 0:05:25]} 50. Nd3 {[%clk 0:34:40]} Rfa6 {[%clk 0:04:45]} 51. Nb4
{[%clk 0:34:19]} Ra8 {[%clk 0:04:44]} 52. Nd5 {[%clk 0:34:11]} R1a3
{[%clk 0:04:48]} 53. Rxa3 {[%clk 0:34:01]} Rxa3 {[%clk 0:05:17]} 54. Kf4
{[%clk 0:34:15]} Ra4+ {[%clk 0:04:49]} 55. Kf5 {[%clk 0:33:55]} Ra5
{[%clk 0:04:46]} 56. Ke5 {[%clk 0:33:59]} Kf7 {[%clk 0:04:56]} 57. Nd2
{[%clk 0:32:46]} Ra1 {[%clk 0:03:59]} 58. Ne4 {[%clk 0:32:25]} Re1
{[%clk 0:04:12]} 59. Kf5 {[%clk 0:32:13]} g6+ {[%clk 0:04:10]} 60. Kf4
{[%clk 0:32:11]} Ke6 {[%clk 0:03:50]} 61. Ndc3 {[%clk 0:32:05]} g5+
{[%clk 0:03:49]} 62. Kf3 {[%clk 0:32:21]} Ke5 {[%clk 0:03:31]} 63. Ng3
{[%clk 0:32:26]} Ra1 {[%clk 0:03:43]} 64. Nce2 {[%clk 0:32:28]} Ra3+
{[%clk 0:03:55]} 1/2-1/2

[Event "FIDE World Youth U16 Chess Olympiad SLOVAKIA 2016"]
[Site "Poprad Tatry SLOVAKIA"]
[Date "2016.07.25"]
[Round "5"]
[Board "4"]
[White "Volland, Ben"]
[Black "Korenova, Simona"]
[Result "0-1"]
[WhiteElo "1605"]
[BlackElo "1638"]
[PlyCount "0"]
[EventDate "2016.07.22"]
[EventType "team"]
[EventRounds "9"]
[EventCountry "SVK"]
[WhiteTeam "Scotland"]
[BlackTeam "Slovakia LSS A"]

1. e4 {[%clk 1:30:49]} d5 {[%clk 1:30:50]} 2. exd5 {[%clk 1:31:15]} Qxd5
{[%clk 1:31:11]} 3. Nc3 {[%clk 1:31:30]} Qd8 {[%clk 1:31:29]} 4. d4
{[%clk 1:30:53]} g6 {[%clk 1:31:36]} 5. Nf3 {[%clk 1:29:45]} Nf6 {[%clk 1:31:34]}
6. h3 {[%clk 1:27:02]} Bg7 {[%clk 1:31:26]} 7. Bc4 {[%clk 1:26:15]} O-O
{[%clk 1:30:15]} 8. Be3 {[%clk 1:21:57]} Nbd7 {[%clk 1:26:12]} 9. O-O
{[%clk 1:17:35]} Nb6 {[%clk 1:19:23]} 10. Bb3 {[%clk 1:08:47]} c6
{[%clk 1:14:26]} 11. Qd2 {[%clk 1:06:44]} Bd7 {[%clk 1:04:13]} 12. Rfe1
{[%clk 1:02:42]} e6 {[%clk 0:59:51]} 13. Bg5 {[%clk 0:52:04]} Nbd5
{[%clk 0:50:12]} 14. Nd1 {[%clk 0:43:43]} Rc8 {[%clk 0:37:36]} 15. c4
{[%clk 0:37:31]} Nb6 {[%clk 0:34:43]} 16. Bf4 {[%clk 0:31:24]} Re8
{[%clk 0:19:59]} 17. g4 {[%clk 0:29:23]} c5 {[%clk 0:16:40]} 18. dxc5
{[%clk 0:24:34]} Rxc5 {[%clk 0:16:29]} 19. Bd6 {[%clk 0:22:54]} Rc8
{[%clk 0:10:14]} 20. Ne3 {[%clk 0:15:57]} Ne4 {[%clk 0:07:57]} 21. Qd3
{[%clk 0:13:17]} Nxd6 {[%clk 0:07:20]} 22. Qxd6 {[%clk 0:13:31]} Bxb2
{[%clk 0:06:58]} 23. c5 {[%clk 0:11:34]} Bxa1 {[%clk 0:03:30]} 24. Rxa1
{[%clk 0:12:00]} Na4 {[%clk 0:02:53]} 25. Rc1 {[%clk 0:10:02]} Qe7
{[%clk 0:02:19]} 26. Bxa4 {[%clk 0:02:56]} Qxd6 {[%clk 0:02:37]} 27. cxd6
{[%clk 0:03:14]} Rxc1+ {[%clk 0:03:03]} 28. Kg2 {[%clk 0:03:40]} Bxa4
{[%clk 0:03:26]} 29. Ne5 {[%clk 0:04:03]} Rd8 {[%clk 0:02:45]} 30. N3c4
{[%clk 0:03:25]} Bb5 {[%clk 0:02:51]} 31. Na5 {[%clk 0:03:43]} Rxd6
{[%clk 0:02:35]} 32. Nxb7 {[%clk 0:04:09]} Bc6+ {[%clk 0:02:30]} 33. Nxc6
{[%clk 0:04:38]} Rdxc6 {[%clk 0:02:53]} 34. Nd8 {[%clk 0:05:06]} R6c2
{[%clk 0:03:12]} 35. a4 {[%clk 0:05:27]} Rd1 {[%clk 0:03:36]} 36. Nb7
{[%clk 0:05:54]} Rdd2 {[%clk 0:04:02]} 37. a5 {[%clk 0:06:17]} Rxf2+
{[%clk 0:04:28]} 38. Kg3 {[%clk 0:06:45]} Rfd2 {[%clk 0:04:41]} 39. a6 Rd4
{[%clk 0:04:42]} 40. Kf3 {[%clk 0:07:32]} Rc3+ {[%clk 0:04:56]} 41. Ke2
{[%clk 0:07:58]} Ra4 {[%clk 0:05:13]} 42. Kd2 {[%clk 0:08:24]} Rxh3
{[%clk 0:05:32]} 43. Nc5 {[%clk 0:08:51]} Ra2+ {[%clk 0:05:55]} 0-1

[Event "FIDE World Youth U16 Chess Olympiad SLOVAKIA 2016"]
[Site "Poprad Tatry SLOVAKIA"]
[Date "2016.07.25"]
[Round "5"]
[Board "1"]
[White "Mirza, Diana"]
[Black "Su, Zijin"]
[Result "1/2-1/2"]
[WhiteElo "1889"]
[BlackElo "1628"]
[PlyCount "0"]
[EventDate "2016.07.22"]
[EventType "team"]
[EventRounds "9"]
[EventCountry "SVK"]
[WhiteTeam "Ireland"]
[BlackTeam "China 2"]

1. e4 {[%clk 1:30:57]} c5 {[%clk 1:30:45]} 2. Nf3 {[%clk 1:31:23]} d6
{[%clk 1:31:10]} 3. c3 {[%clk 1:31:47]} Nf6 {[%clk 1:29:50]} 4. h3
{[%clk 1:32:12]} Bd7 {[%clk 1:28:43]} 5. Bd3 {[%clk 1:32:32]} e5 {[%clk 1:28:39]}
6. O-O {[%clk 1:32:49]} g6 {[%clk 1:28:27]} 7. Bc2 {[%clk 1:33:07]} Bg7
{[%clk 1:26:46]} 8. d4 {[%clk 1:33:03]} Qe7 {[%clk 1:26:08]} 9. d5
{[%clk 1:30:11]} O-O {[%clk 1:26:17]} 10. Be3 {[%clk 1:27:27]} Kh8
{[%clk 1:18:05]} 11. Na3 {[%clk 1:03:24]} h6 {[%clk 1:13:56]} 12. b4
{[%clk 0:59:01]} b6 {[%clk 1:12:26]} 13. bxc5 {[%clk 0:59:01]} bxc5
{[%clk 1:12:36]} 14. Rb1 {[%clk 0:59:18]} Bc8 {[%clk 0:59:39]} 15. Nb5
{[%clk 0:53:21]} Nh5 {[%clk 0:51:28]} 16. Bxc5 {[%clk 0:46:53]} dxc5
{[%clk 0:42:30]} 17. d6 {[%clk 0:47:18]} Qd8 {[%clk 0:42:22]} 18. Nc7
{[%clk 0:47:43]} Na6 {[%clk 0:42:16]} 19. Nxa8 {[%clk 0:47:52]} Be6
{[%clk 0:42:20]} 20. Nc7 {[%clk 0:46:26]} Nxc7 {[%clk 0:42:45]} 21. dxc7
{[%clk 0:46:51]} Qxc7 {[%clk 0:43:08]} 22. Rb2 {[%clk 0:42:19]} Nf4
{[%clk 0:38:13]} 23. Bb1 {[%clk 0:39:06]} g5 {[%clk 0:16:50]} 24. Rd2
{[%clk 0:29:35]} Rg8 {[%clk 0:12:11]} 25. Nh2 {[%clk 0:28:59]} h5
{[%clk 0:04:08]} 26. f3 {[%clk 0:29:05]} c4 {[%clk 0:04:00]} 27. Kh1
{[%clk 0:27:59]} Bh6 {[%clk 0:03:36]} 28. Bc2 {[%clk 0:22:35]} Qe7
{[%clk 0:03:12]} 29. g4 {[%clk 0:19:31]} h4 {[%clk 0:03:25]} 30. Re1
{[%clk 0:17:07]} Nxh3 {[%clk 0:03:51]} 31. Nf1 {[%clk 0:17:22]} Nf4
{[%clk 0:03:46]} 32. Ne3 {[%clk 0:17:42]} Qc7 {[%clk 0:03:14]} 33. Nd5
{[%clk 0:12:00]} Qa5 {[%clk 0:03:26]} 34. Nb4 {[%clk 0:12:22]} Rc8
{[%clk 0:03:27]} 35. Qa1 {[%clk 0:09:38]} Bf8 {[%clk 0:03:38]} 36. Red1
{[%clk 0:09:14]} Bc5 {[%clk 0:03:51]} 37. a3 {[%clk 0:07:35]} Kg7
{[%clk 0:04:13]} 38. Qb2 {[%clk 0:06:49]} Qb6 {[%clk 0:04:03]} 39. Ba4
{[%clk 0:06:41]} Bxb4 {[%clk 0:04:05]} 40. axb4 {[%clk 0:06:49]} Nd3
{[%clk 0:04:32]} 41. Rxd3 {[%clk 0:05:59]} cxd3 {[%clk 0:04:53]} 42. Rxd3
{[%clk 0:06:27]} Rd8 {[%clk 0:05:11]} 43. Rxd8 {[%clk 0:05:36]} Qxd8
{[%clk 0:05:36]} 44. Qe2 {[%clk 0:04:09]} Qc7 {[%clk 0:05:33]} 1/2-1/2

[Event "FIDE World Youth U16 Chess Olympiad SLOVAKIA 2016"]
[Site "Poprad Tatry SLOVAKIA"]
[Date "2016.07.25"]
[Round "5"]
[Board "2"]
[White "Peng, Shunkai"]
[Black "Copeland, Dean"]
[Result "1-0"]
[WhiteElo "1944"]
[BlackElo "1763"]
[PlyCount "0"]
[EventDate "2016.07.22"]
[EventType "team"]
[EventRounds "9"]
[EventCountry "SVK"]
[WhiteTeam "China 2"]
[BlackTeam "Ireland"]

1. e4 {[%clk 1:30:05]} c5 {[%clk 1:30:57]} 2. Nf3 {[%clk 1:29:56]} d6
{[%clk 1:31:21]} 3. Bb5+ {[%clk 1:30:17]} Nc6 {[%clk 1:31:13]} 4. O-O
{[%clk 1:27:38]} a6 {[%clk 1:26:54]} 5. Bxc6+ {[%clk 1:27:29]} bxc6
{[%clk 1:27:13]} 6. h3 {[%clk 1:27:30]} e6 {[%clk 1:25:10]} 7. Qe2
{[%clk 1:25:44]} d5 {[%clk 1:20:01]} 8. d3 {[%clk 1:26:10]} Nf6 {[%clk 1:16:34]}
9. a4 {[%clk 1:25:13]} Be7 {[%clk 1:13:50]} 10. a5 {[%clk 1:22:53]} O-O
{[%clk 1:11:34]} 11. e5 {[%clk 1:17:48]} Nd7 {[%clk 1:09:13]} 12. c4
{[%clk 1:17:04]} f6 {[%clk 1:01:13]} 13. exf6 {[%clk 1:13:09]} Nxf6
{[%clk 0:59:42]} 14. Bf4 {[%clk 1:11:52]} Bd6 {[%clk 0:52:41]} 15. Be5
{[%clk 1:09:43]} Qc7 {[%clk 0:45:57]} 16. Nc3 {[%clk 1:06:39]} Nd7
{[%clk 0:36:39]} 17. Bxd6 {[%clk 1:02:15]} Qxd6 {[%clk 0:36:56]} 18. Rfe1
{[%clk 1:02:17]} Rf6 {[%clk 0:34:23]} 19. Na4 {[%clk 0:57:22]} Bb7
{[%clk 0:28:02]} 20. Ne5 {[%clk 0:56:12]} Rd8 {[%clk 0:20:12]} 21. Nxd7
{[%clk 0:49:26]} Rxd7 {[%clk 0:20:27]} 22. Qe3 {[%clk 0:49:50]} dxc4
{[%clk 0:05:16]} 23. Nxc5 {[%clk 0:48:07]} Rdf7 {[%clk 0:04:38]} 24. Ne4
{[%clk 0:45:50]} Qxd3 {[%clk 0:03:43]} 25. Nxf6+ {[%clk 0:45:56]} Rxf6
{[%clk 0:03:46]} 26. Qxd3 {[%clk 0:46:24]} cxd3 {[%clk 0:04:05]} 27. Rad1
{[%clk 0:46:53]} Rf5 {[%clk 0:01:08]} 28. Rxd3 {[%clk 0:47:15]} Rxa5
{[%clk 0:01:23]} 29. Rd8+ {[%clk 0:47:40]} 1-0

[Event "FIDE World Youth U16 Chess Olympiad SLOVAKIA 2016"]
[Site "Poprad Tatry SLOVAKIA"]
[Date "2016.07.25"]
[Round "5"]
[Board "4"]
[White "Liu, Suhui"]
[Black "Goss, Alex"]
[Result "1-0"]
[WhiteElo "1594"]
[BlackElo "1618"]
[PlyCount "0"]
[EventDate "2016.07.22"]
[EventType "team"]
[EventRounds "9"]
[EventCountry "SVK"]
[WhiteTeam "China 2"]
[BlackTeam "Ireland"]

1. e4 {[%clk 1:30:57]} c5 {[%clk 1:30:51]} 2. Nf3 {[%clk 1:31:23]} e6
{[%clk 1:31:15]} 3. d4 {[%clk 1:31:45]} cxd4 {[%clk 1:31:39]} 4. Nxd4
{[%clk 1:32:11]} a6 {[%clk 1:31:58]} 5. c4 {[%clk 1:27:15]} Nf6 {[%clk 1:31:16]}
6. f3 {[%clk 1:23:50]} Bc5 {[%clk 1:30:15]} 7. Nb3 {[%clk 1:17:59]} Bb4+
{[%clk 1:29:15]} 8. Bd2 {[%clk 1:15:50]} Bxd2+ {[%clk 1:27:36]} 9. Qxd2
{[%clk 1:14:11]} Nc6 {[%clk 1:26:43]} 10. Nc3 {[%clk 1:13:25]} O-O
{[%clk 1:26:21]} 11. O-O-O {[%clk 1:12:54]} Ne8 {[%clk 1:18:52]} 12. f4
{[%clk 0:58:20]} Na5 {[%clk 1:13:43]} 13. g4 {[%clk 0:39:03]} Nxb3+
{[%clk 1:07:55]} 14. axb3 {[%clk 0:39:31]} g6 {[%clk 1:06:46]} 15. h4
{[%clk 0:35:37]} f5 {[%clk 0:58:58]} 16. gxf5 {[%clk 0:34:42]} exf5
{[%clk 0:59:14]} 17. Qd5+ {[%clk 0:32:42]} Kg7 {[%clk 0:58:12]} 18. e5
{[%clk 0:30:03]} Qb6 {[%clk 0:55:09]} 19. Kc2 {[%clk 0:27:39]} Qf2+
{[%clk 0:52:01]} 20. Qd2 {[%clk 0:22:36]} Qxd2+ {[%clk 0:51:20]} 21. Rxd2
{[%clk 0:23:04]} Nc7 {[%clk 0:51:21]} 22. b4 {[%clk 0:19:25]} Ne6
{[%clk 0:51:19]} 23. Nd5 {[%clk 0:19:34]} Rf7 {[%clk 0:49:48]} 24. Rg1
{[%clk 0:16:24]} Rb8 {[%clk 0:42:30]} 25. h5 {[%clk 0:15:11]} b5 {[%clk 0:41:57]}
26. hxg6 {[%clk 0:15:07]} hxg6 {[%clk 0:42:05]} 27. Rdg2 {[%clk 0:10:12]} Nf8
{[%clk 0:40:08]} 28. b3 {[%clk 0:10:06]} Bb7 {[%clk 0:39:45]} 29. Kc3
{[%clk 0:08:18]} Bxd5 {[%clk 0:38:07]} 30. cxd5 {[%clk 0:08:45]} Rb6
{[%clk 0:37:57]} 31. Bd3 {[%clk 0:06:19]} Rb7 {[%clk 0:34:14]} 32. Rg5
{[%clk 0:05:36]} Kh8 {[%clk 0:32:32]} 33. Rh1+ {[%clk 0:04:34]} Rh7
{[%clk 0:32:31]} 34. Rxh7+ {[%clk 0:04:07]} Kxh7 {[%clk 0:32:50]} 35. Kd4
{[%clk 0:03:53]} Rc7 {[%clk 0:32:43]} 36. Rg1 {[%clk 0:03:54]} d6
{[%clk 0:29:58]} 37. exd6 {[%clk 0:03:27]} Rb7 {[%clk 0:28:41]} 38. Rc1
{[%clk 0:02:41]} Rb6 {[%clk 0:27:19]} 39. Ke5 {[%clk 0:02:08]} Nd7+
{[%clk 0:26:09]} 40. Ke6 {[%clk 0:02:27]} Nf8+ {[%clk 0:26:08]} 41. Ke7
{[%clk 0:02:39]} Rb8 {[%clk 0:24:16]} 42. Rc7 {[%clk 0:02:35]} Kh6
{[%clk 0:24:27]} 43. d7 {[%clk 0:02:54]} Nxd7 {[%clk 0:24:39]} 44. Rxd7
{[%clk 0:03:12]} Rc8 {[%clk 0:25:04]} 45. d6 {[%clk 0:03:21]} Rc3
{[%clk 0:25:25]} 46. Bxf5 {[%clk 0:01:23]} gxf5 {[%clk 0:25:40]} 47. Ra7
{[%clk 0:01:41]} Re3+ {[%clk 0:25:48]} 48. Kd8 {[%clk 0:01:42]} Rxb3
{[%clk 0:26:05]} 49. d7 {[%clk 0:02:05]} Rxb4 {[%clk 0:26:16]} 50. Rxa6+
{[%clk 0:01:58]} Kh5 {[%clk 0:26:33]} 51. Rd6 {[%clk 0:02:12]} Rxf4
{[%clk 0:26:51]} 52. Kc7 {[%clk 0:02:36]} Rc4+ {[%clk 0:26:57]} 53. Kb6
{[%clk 0:02:59]} 1-0

[Event "FIDE World Youth U16 Chess Olympiad SLOVAKIA 2016"]
[Site "Poprad Tatry SLOVAKIA"]
[Date "2016.07.25"]
[Round "5"]
[Board "1"]
[White "Deng, Yu Dong Michael"]
[Black "Gluckman, Paul"]
[Result "1-0"]
[WhiteElo "1682"]
[BlackElo "1923"]
[PlyCount "0"]
[EventDate "2016.07.22"]
[EventType "team"]
[EventRounds "9"]
[EventCountry "SVK"]
[WhiteTeam "Hong Kong"]
[BlackTeam "South Africa 1"]

1. d4 {[%clk 1:30:55]} Nf6 {[%clk 1:30:55]} 2. c4 {[%clk 1:31:20]} g6
{[%clk 1:31:21]} 3. Nc3 {[%clk 1:31:45]} d5 {[%clk 1:31:38]} 4. cxd5
{[%clk 1:32:08]} Nxd5 {[%clk 1:31:55]} 5. e4 {[%clk 1:32:26]} Nxc3
{[%clk 1:32:06]} 6. bxc3 {[%clk 1:32:51]} Bg7 {[%clk 1:32:25]} 7. Nf3
{[%clk 1:33:13]} c5 {[%clk 1:32:21]} 8. Rb1 {[%clk 1:33:32]} cxd4
{[%clk 1:27:11]} 9. cxd4 {[%clk 1:33:52]} Qa5+ {[%clk 1:26:23]} 10. Bd2
{[%clk 1:32:35]} Qxa2 {[%clk 1:26:42]} 11. Be2 {[%clk 1:32:42]} O-O
{[%clk 1:25:33]} 12. O-O {[%clk 1:33:00]} Qe6 {[%clk 1:17:35]} 13. Bd3
{[%clk 1:30:11]} b6 {[%clk 1:11:31]} 14. d5 {[%clk 1:28:55]} Qg4 {[%clk 1:11:20]}
15. h3 {[%clk 1:27:03]} Qh5 {[%clk 1:09:55]} 16. Bg5 {[%clk 1:24:12]} Re8
{[%clk 1:09:55]} 17. Bb5 {[%clk 1:22:32]} Bd7 {[%clk 1:10:15]} 18. Qa4
{[%clk 1:20:27]} h6 {[%clk 1:01:16]} 19. Bh4 {[%clk 1:09:04]} g5 {[%clk 1:00:36]}
20. g4 {[%clk 1:03:54]} Qg6 {[%clk 0:58:41]} 21. Bg3 {[%clk 1:04:15]} Bxb5
{[%clk 0:55:52]} 22. Qxb5 {[%clk 1:02:56]} Rd8 {[%clk 0:54:11]} 23. Rfe1
{[%clk 0:58:44]} Nd7 {[%clk 0:39:31]} 24. Bc7 {[%clk 0:49:20]} a6
{[%clk 0:39:54]} 25. Qb4 {[%clk 0:45:17]} Rdc8 {[%clk 0:40:07]} 26. Rbc1
{[%clk 0:44:13]} Qf6 {[%clk 0:39:42]} 27. Kg2 {[%clk 0:42:12]} b5
{[%clk 0:27:26]} 28. e5 {[%clk 0:32:47]} Qg6 {[%clk 0:26:55]} 29. Qxe7
{[%clk 0:32:19]} Nb6 {[%clk 0:19:16]} 30. Bxb6 {[%clk 0:30:51]} Qxb6
{[%clk 0:19:43]} 31. e6 {[%clk 0:29:34]} fxe6 {[%clk 0:16:45]} 32. dxe6
{[%clk 0:25:34]} Qd8 {[%clk 0:14:43]} 33. Qf7+ {[%clk 0:25:07]} Kh8
{[%clk 0:14:48]} 34. e7 {[%clk 0:15:26]} Qe8 {[%clk 0:15:04]} 35. Qe6
{[%clk 0:15:43]} b4 {[%clk 0:13:11]} 36. Rxc8 {[%clk 0:14:29]} Rxc8
{[%clk 0:13:27]} 37. Qxc8 {[%clk 0:14:40]} Qxc8 {[%clk 0:13:48]} 38. e8=Q+
{[%clk 0:15:04]} Qxe8 {[%clk 0:14:00]} 39. Rxe8+ {[%clk 0:15:30]} Kh7
{[%clk 0:14:15]} 40. Ra8 {[%clk 0:15:50]} b3 {[%clk 0:14:26]} 41. Rxa6
{[%clk 0:16:06]} b2 {[%clk 0:14:52]} 42. Rb6 {[%clk 0:16:28]} Bc3
{[%clk 0:15:02]} 43. Kf1 {[%clk 0:16:08]} Kg7 {[%clk 0:15:26]} 44. Ke2
{[%clk 0:16:23]} Kf7 {[%clk 0:15:43]} 45. Nd2 {[%clk 0:16:36]} Bg7
{[%clk 0:15:48]} 46. Nc4 {[%clk 0:16:53]} Bd4 {[%clk 0:16:14]} 47. Rb7+
{[%clk 0:17:07]} 1-0